Welcome to the Holygrace Academy Library

Please use search bar below to get started

SHAPES AND NUMBERS (Record no. 1827)

MARC details
000 -LEADER
fixed length control field 00307nam a22001337a 4500
020 ## - INTERNATIONAL STANDARD BOOK NUMBER
ISBN 978-0-7166-2272-7
082 ## - DEWEY DECIMAL CLASSIFICATION NUMBER
Classification number 001
Item number CAR/S
100 ## - MAIN ENTRY--AUTHOR NAME
Personal name CARRIGAN, MELLONEE
245 ## - TITLE STATEMENT
Title SHAPES AND NUMBERS
260 ## - PUBLICATION, DISTRIBUTION, ETC. (IMPRINT)
Place of publication USA
Name of publisher WORLD BOOK INC
Year of publication 2013
300 ## - PHYSICAL DESCRIPTION
Number of Pages 192
650 ## - SUBJECT ADDED ENTRY--TOPICAL TERM
Topical Term MATHS ENCYCLOPEDIA
Geographic subdivision INDIA
942 ## - ADDED ENTRY ELEMENTS (KOHA)
Koha item type Books
Holdings
Withdrawn status Lost status Collection code Home library Current library Shelving location Date acquired Source of acquisition Full call number Accession Number Koha item type
    Reference Main Library Main Library SHELF 1-B DICTIONARIES& ENCYCLOPEDIAS 15/05/2015 purchase 001 CAR/S 09525 Books
    Reference Main Library Main Library SHELF 1-B DICTIONARIES& ENCYCLOPEDIAS 19/04/2013 purchase 001 CAR/S 07319 Books
    Reference Main Library Main Library SHELF 1-B DICTIONARIES& ENCYCLOPEDIAS 23/04/2013 purchase 001 CAR/S 07334 Books